Gobierno omnipotente : (Registro nro. 5140)

Detalles MARC
000 -LEADER
fixed length control field 01292nam a2200301Ia 4500
003 - CONTROL NUMBER IDENTIFIER
control field OSt
005 - DATE AND TIME OF LATEST TRANSACTION
control field 20201111092629.0
008 - FIXED-LENGTH DATA ELEMENTS--GENERAL INFORMATION
fixed length control field 191128s2002 sp gr 001 0 spa d
020 ## - INTERNATIONAL STANDARD BOOK NUMBER
International Standard Book Number 8472093778
040 ## - CATALOGING SOURCE
Original cataloging agency CO-JMCR
Transcribing agency CO-JMCR
041 1# - LANGUAGE CODE
Language code of text/sound track or separate title spa
Language code of original eng
082 04 - DEWEY DECIMAL CLASSIFICATION NUMBER
Classification number 320.409043 /
Item number V945g
Edition number 21
100 1# - MAIN ENTRY--PERSONAL NAME
Personal name Von Mises, Ludwig,
Relator term autor
9 (RLIN) 2071
245 10 - TITLE STATEMENT
Title Gobierno omnipotente :
Remainder of title en nombre del Estado /
Statement of responsibility, etc. Ludwig von Mises ; traducción, Pedro Elgoibar
260 ## - PUBLICATION, DISTRIBUTION, ETC.
Place of publication, distribution, etc. Madrid :
Name of publisher, distributor, etc. Unión,
Date of publication, distribution, etc. 2002
300 ## - PHYSICAL DESCRIPTION
Extent 414 páginas ;
Dimensions 21 cm.
490 0# - SERIES STATEMENT
Series statement Biblioteca Austriaca
500 ## - GENERAL NOTE
General note Incluye índice de nombres.
505 0# - FORMATTED CONTENTS NOTE
Formatted contents note El colapso del liberalismo alemán -- Omnipotencia gubernamental -- El futuro de la ivilización occidental
520 ## - SUMMARY, ETC.
Summary, etc. Este libro ofrece una lúcida y certera interpretación de algunos de los fenómenos que más profundamente han marcado la historia contemporánea. Los análisis históricos y sociológicos de la decadencia del liberalismo.
534 ## - ORIGINAL VERSION NOTE
Introductory phrase Omnipotent government. The rise of total state and total war
546 ## - LANGUAGE NOTE
Language note Traducido del inglés.
650 14 - SUBJECT ADDED ENTRY--TOPICAL TERM
Topical term or geographic name entry element Totalitarismo
9 (RLIN) 1765
650 14 - SUBJECT ADDED ENTRY--TOPICAL TERM
Topical term or geographic name entry element Nacionalsocialismo
9 (RLIN) 2072
650 14 - SUBJECT ADDED ENTRY--TOPICAL TERM
Topical term or geographic name entry element Socialismo
General subdivision Ideologias políticas
9 (RLIN) 2073
700 1# - ADDED ENTRY--PERSONAL NAME
Personal name Elgoibar, Pedro,
Relator term traductor
9 (RLIN) 2074
942 ## - ADDED ENTRY ELEMENTS (KOHA)
Source of classification or shelving scheme Dewey Decimal Classification
Koha item type Books
Existencias
Withdrawn status Lost status Source of classification or shelving scheme Damaged status Not for loan Collection code Home library Current library Date acquired Source of acquisition Cost, normal purchase price Full call number Barcode Date last seen Copy number Koha item type
    Dewey Decimal Classification     Non-fiction Biblioteca Pública José María del Castillo y Rada Biblioteca Pública José María del Castillo y Rada 04/15/2018 Donación 0.00 320.409043 / V945g 430001356 05/16/2024 Ej.1 Books